Diversity and habitat use of dung beetles in a restored andean landscape (Registro nro. 12487)

Detalles MARC
000 -CABECERA
Campo de control 006920000a22002170004500
090 ## - CLASIFICACIÓN LOCAL
Colección AR
Consecutivo 03436
041 0# - IDIOMA
Código de idioma para texto/pista de sonido o título separado
100 1# - ASIENTO PRINCIPAL--NOMBRE PERSONAL
Nombre personal Medina, Claudia
245 10 - MENCION DE TITULO
Título Diversity and habitat use of dung beetles in a restored andean landscape
650 14 - ASIENTO SECUNDARIO DE MATERIA - TERMINO TEMATICO
Término temático o nombre geográfico como elemento de entrada Deforestación
650 14 - ASIENTO SECUNDARIO DE MATERIA - TERMINO TEMATICO
Término temático o nombre geográfico como elemento de entrada Restauración ecológica
650 14 - ASIENTO SECUNDARIO DE MATERIA - TERMINO TEMATICO
Término temático o nombre geográfico como elemento de entrada Coprófagos
650 14 - ASIENTO SECUNDARIO DE MATERIA - TERMINO TEMATICO
Término temático o nombre geográfico como elemento de entrada Uso del hábitat
650 14 - ASIENTO SECUNDARIO DE MATERIA - TERMINO TEMATICO
Término temático o nombre geográfico como elemento de entrada Diversidad
651 #4 - ASIENTO SECUNDARIO DE MATERIA - NOMBRE GEOGRAFICO
-- Parque Nacional Natural Ucumarí
-- Risaralda
-- Colombia
653 ## - TERMINO DE INDIZACION - NO CONTROLADO
-- Scarabaeidae
700 1# - ASIENTO SECUNDARIO - NOMBRE PERSONAL
Nombre personal Escobar Sarria, Federico
700 1# - ASIENTO SECUNDARIO - NOMBRE PERSONAL
Nombre personal Kattan, Gustavo H.
773 1# - Item fuente:
Título Biotropica
Descripción física 1
Paginas del Articulo 181-187
Lugar, editorial y fecha de publicación 2002
Información sobre la relación 34
942 ## - ELEMENTOS ADICIONALES (KOHA)
Tipo de ítem Artículo
Existencias
Withdrawn status Lost status Volumen Damaged status No para préstamo Colección Ubicación Permanente Ubicación actual Fecha de adquisición Fuente de Valor Datos de publicación Seriada Total Checkouts Número topográfico Inventario / Código de Barras Date last seen Price effective from Forma de adquisición Tipo de material
    1   No para Préstamo Hemeroteca Bogotá Bogotá 01/02/2005 Gustavo Kattan Fuera de circulación   AR 03436 014571 25/03/2015 25/03/2015   Artículo